000 00581nam a2200205Ia 4500
003 GCL
008 140319s9999 xx 000 0 ara d
040 _aGCL /
_cGCL
082 0 4 _a615.3
_bم ك
100 1 _aمتى طراب
245 1 0 _aكتاب قاموس الطب البيتى فى الامراض وعداواتها /
_cمتى طراب
260 _a[S.N] :
_bدار الجيل ،
_c1988
300 _a151 ص
490 _a
650 0 4 _aالطب العربى
650 0 4 _aالامراض
650 0 4 _aالعقاقير
650 0 4 _aالعطارة
942 _2ddc
_cBK
999 _c28506
_d28506